000 00563nmm a2200193Ia 4500
008 251105s9999||||xx |||||||||||||||||und||
020 _a9788416842643
041 _aspa
100 _aFernández Ruiz, Sergio
245 0 _aSalud, pandemia y sistema sanitario
264 _a[Madrid, España] :
_bAkal,
_c2021
300 _a172 páginas
650 _aMedicine
700 _aFernández Ruiz, Sergio
700 1 _a Sánchez Fernández, Carlos
700 1 _a Sánchez Bayle, Marciano
856 _uhttps://public.digitaliapublishing.com/a/83814
942 _cCF
999 _c65369
_d65369